Statistics for Countries Closest to Maine - One Minute Sprint

Click here to take the quiz!

General Stats

  • This quiz has been taken 62 times
  • The average score is 12 of 20

Answer Stats

kmcountrymiles% Correct
0Canada0
98%
2831Mexico1759
94%
2384Cuba1482
92%
1892Bahamas1176
80%
3256Iceland2023
78%
2806Jamaica1744
76%
3174Dominica1974
69%
2566Haiti1594
69%
3197Belize1986
63%
3304Guatemala2053
63%
2950St Kitts and Nevis1833
63%
2576Dominican Republic1601
61%
3355St Lucia2085
61%
2941Antigua and Barbuda1828
59%
1968Greenland1223
53%
3297Honduras2049
51%
3342Nicaragua2077
41%
2980Portugal, at Azores1851
22%
3391Aruba2107
20%
2874Sint Maarten1786
18%

Score Distribution

Percentile by Number Answered

Percent of People with Each Score

Your Score History

You have not taken this quiz